El Debate inconcluso entre libre comercio y cuidado ambiental: a 10 años de la firma del TLCAN /

El artículo aborda el debate inconcluso entre los beneficios de la apertura comercial y las repercusiones en el cuidado o deterioro del medio ambiente. En vista a 10 años del Tlcan

Salvato in:
Dettagli Bibliografici
Autore principale: Alfie, Miriam
Natura: testo
Soggetti:
Tags: Aggiungi Tag
Nessun Tag, puoi essere il primo ad aggiungerne!!

MARC

LEADER 00000 a a2200000 04500
001 10725
003
040
100 |a Alfie, Miriam  
245 |a El Debate inconcluso entre libre comercio y cuidado ambiental: a 10 años de la firma del TLCAN /  |c Miriam Alfie 
520 |a El artículo aborda el debate inconcluso entre los beneficios de la apertura comercial y las repercusiones en el cuidado o deterioro del medio ambiente. En vista a 10 años del Tlcan  
650 |a TLCAN  
650 |a DETERIORO AMBIENTAL  
650 |a PROTECCION AMBIENTAL  
650 |a LIBRE COMERCIO  
773 |g número 188; páginas 119-132  
999 |c 31309  |d 31309